[Event "ROM-ch U08"]
[Site "Baile Felix"]
[Date "2017.02.05"]
[Round "5"]
[White "Dragos, Tudor"]
[Black "Ciobanu, Sebastian Andrei"]
[Result "1-0"]
[WhiteElo "1034"]
[BlackElo "1177"]
[PlyCount "59"]
[EventDate "2017.02.02"]
[EventType "swiss"]
[EventRounds "9"]
[EventCountry "ROU"]
[SourceTitle "CBM 176 Extra"]
[Source "ChessBase"]
[SourceDate "2017.03.02"]
[SourceVersion "1"]
[SourceVersionDate "2017.03.02"]
[SourceQuality "1"]

1. e4 e6 2. d4 d5 3. Nd2 Nf6 4. e5 Nfd7 5. Ngf3 c5 6. dxc5 Bxc5 7. Nb3 Bb6 8. Be3 Nc6 9. Bxb6 axb6 10. Qe2 0-0 11. 0-0-0 Rxa2 12. Qd2 f6 13. Kb1 Ra7 14. exf6 Qxf6 15. Bd3 Nde5 16. Qe3 Nxd3 17. Qxd3 Bd7 18. Qe3 Rfa8 19. Qxb6 Ra2 20. c3 Qf5+ 21. Kc1 R8a3 22. Nfd2 Ra1+ 23. Nxa1 Rxa1+ 24. Nb1 Qxb1+ 25. Kd2 Qf5 26. Rxa1 Qf4+ 27. Qe3 Qc4 28. Ra8+ Kf7 29. Qf3+ Ke7 30. Qf8# 1-0